Serving the world : the people and ideas of America's state and land-grant universities.

Bibliographic Details
Corporate Author: National Association of State Universities and Land-Grant Colleges
Format: Book
Language:English
Published: Washington, D.C. : National Association of State Universities and Land-Grant Colleges, 1987.
Subjects:

MARC

Tag First Indicator Second Indicator Subfields
LEADER 00000cam a2200000 a 4500
001 in00000030099
005 20170126112130.0
008 871116s1987 dcuac 00000 eng d
010 |a  87062371  
035 |a (OCoLC)16990628 
035 |9 AAC0247AM 
040 |a WVU  |c WVU  |d TXA  |d UtOrBLW 
043 |a n-us--- 
049 |a TXAM  |c [A11075659] 
050 4 |a LB2329.5  |b .S46 1987 
245 0 0 |a Serving the world :  |b the people and ideas of America's state and land-grant universities. 
264 1 |a Washington, D.C. :  |b National Association of State Universities and Land-Grant Colleges,  |c 1987. 
300 |a 622 pages :  |b illustrations, portraits ;  |c 31 cm. 
336 |a text  |b txt  |2 rdacontent 
337 |a unmediated  |b n  |2 rdamedia 
338 |a volume  |b nc  |2 rdacarrier 
650 0 |a State universities and colleges  |z United States. 
650 0 |a State universities and colleges  |z United States  |x Alumni. 
650 0 |a Education, Higher  |x Social aspects  |z United States. 
710 2 |a National Association of State Universities and Land-Grant Colleges. 
948 |a updated  |b h  |c 2017/1/26  |d c  |e mkeyser  |f 11:08:44 am 
999 |a MARS 
999 f f |s 1ad500f8-cb01-3349-b313-7f295192b06f  |i 29f00e7e-03d5-37c9-a542-ce436c06c40b  |t 0 
952 f f |p noncirc  |a Texas A&M University  |b College Station  |c Cushing Memorial Library & Archives  |s cush tamu  |d Cushing: Texas A&M (Does not check out)  |t 0  |e LB2329.5 .S46 1987  |h Library of Congress classification  |i unmediated -- volume 
998 f f |a LB2329.5 .S46 1987  |t 0  |l Cushing: Texas A&M (Does not check out)